|
|
|
|
| LEADER |
00759nam a22002052a 4500 |
| 001 |
001304520 |
| 003 |
CZ BrMZK |
| 005 |
20130620133513.0 |
| 007 |
ta |
| 008 |
130620s1970 ru er|||||||||||rus d |
| 040 |
|
|
|a ABA001
|b cze
|c ABA001
|d ABA001
|d BOA001
|
| 080 |
9 |
|
|a 321.72(049.3)=82
|
| 100 |
1 |
|
|a Gulijev, Vladimir Jevgen'jevič
|7 xx0061362
|4 aut
|
| 245 |
1 |
0 |
|a Demokratija i sovremennyj imperializm :
|b očerki teorii kapitalističeskogo gosudarstva i političeskoj organizacii buržuaznogo obščestva /
|c Vladimir Jevgen'jevič Gulijev
|
| 260 |
|
|
|a Moskva :
|b Meždunarodnoje otnošenija,
|c 1970
|
| 300 |
|
|
|a 278 s.
|
| 910 |
|
|
|a BOA001
|b 2-0650.524
|
| 990 |
|
|
|a BK
|
| 991 |
|
|
|b 201306
|
| 996 |
7 |
|
|b 2619664514
|c 2-0650.524
|l HP2
|r DEN
|n 0
|w 001339174
|u 000010
|a 1
|e BOA001
|j MZK50
|s A
|